000 00275nam a2200121 a 4500
008 110107s1975|||| d
245 1 0 _aŠtát a revolúcia
100 1 _aLenin, V. I.
260 _bPravda
_aBratislava
_c1975
020 _c5
044 _axo
_cSK
041 _aslo
999 _c15560
_d15560